Score 0/50 Timer 02:00
0 Plays Today
% Correct
Arizona
71.4%
Texas
70.7%
California
68.9%
Colorado
68.9%
Hawaii
68.2%
Utah
67.2%
Massachusetts
66.7%
Alaska
66.4%
Oklahoma
66.4%
Wyoming
66.4%
Indiana
65.9%
Florida
65.4%
Georgia
64.7%
New Mexico
64.4%
New York
64.2%
Arkansas
63.7%
Kansas
63.7%
Tennessee
63.7%
Idaho
63.4%
Louisiana
63.2%
Oregon
62.9%
Iowa
62.4%
Washington
62.4%
Virginia
61.2%
Delaware
60.4%
% Correct
Illinois
60.4%
Nebraska
60.4%
New Jersey
60.4%
Alabama
60.2%
Mississippi
59.9%
Ohio
59.4%
Pennsylvania
59.4%
Rhode Island
58.6%
Maryland
58.4%
Nevada
58.4%
Minnesota
58.1%
Connecticut
57.9%
Michigan
57.6%
Montana
57.1%
North Dakota
56.9%
Wisconsin
56.4%
North Carolina
55.9%
Kentucky
54.6%
South Dakota
54.6%
Vermont
54.4%
Maine
52.6%
Missouri
51.4%
South Carolina
48.1%
New Hampshire
44.4%
West Virginia
42.6%
Remove Ads.
Support Sporcle.
Get the best of Sporcle when you Go Orange. This ad-free experience offers more features, more stats, and more fun while also helping to support Sporcle. Thank you for becoming a member.

You're not logged in!

Compare scores with friends on all Sporcle quizzes.
OR
Log In

Show Comments

Extras

Top Quizzes Today


Score Distribution

Your Account Isn't Verified!

In order to create a playlist on Sporcle, you need to verify the email address you used during registration. Go to your Sporcle Settings to finish the process.

Report this User

Report this user for behavior that violates our Community Guidelines.

Details: